00506nam a2200193Ia 4500008004100000041001200041082001200053100004500065245003300110260003400143300000800177365000700185520001400192546001200206630003300218650001400251655001400265730003300279101110s9999 xx 000 0 und d aMARATHI bSR33436 aDeshmukh Mahadev S.va Vibhute Somnath S. aVyavsayik arthashatra FYBCom c2009bSheth prakashan, Mumbai a232 b75 aEconomics aMARATHI aVyavsayik arthashatra FYBCom aEconomics aEconomics aVyavsayik arthashatra FYBCom